| 000 | 04006cam a22006737a 4500 | ||
|---|---|---|---|
| 001 | 000010298 | ||
| 003 | CHAP | ||
| 005 | 20220329133737.0 | ||
| 008 | 971013m1984 mx r o00010 spa d | ||
| 010 | _a10238 | ||
| 011 | _a11210 | ||
| 035 | _a10448 | ||
| 040 | _cCHAP | ||
| 082 | 0 | 4 |
_a317.2 _bM4 Coah. |
| 110 | 2 |
_aInstituto Nacional de Estadística, Geografía e Informática. México _959304 |
|
| 245 | 1 | 0 |
_aAnuario estadístico del estado de Coahuila / _c/por Instituto Nacional de Estadística, Geografía e Informática. |
| 260 |
_aMéxico, D. F. : _bInstituto Nacional de Estadística, Geografía e Informática, _c1984-. |
||
| 300 | _av. | ||
| 500 | _ac. de manual de estadísticas básicas | ||
| 500 | _aLa biblioteca tiene: 1993, 1994, 1995, 1996, 1997, 1998, 1999, 2000, 2001, 2002, 2003, 2004, 2005, 2006, 2007, 2008(2v.), 2009, 2010, 2011, 2012 | ||
| 590 |
_aBATCH-UPD _b10 _c20130110 _lUCH01 _h1947 |
||
| 590 |
_aBATCH-UPD _b10 _c20130410 _lUCH01 _h1309 |
||
| 590 |
_aBATCH-UPD _b10 _c20130914 _lUCH01 _h0953 |
||
| 590 |
_aCONVERSION _b10 _c20130109 _lUCH01 _h1307 |
||
| 590 |
_aE5995AHE _b05 _c20131107 _lUCH01 _h1206 |
||
| 650 | 1 | 4 |
_aAgricultura _xEstadisticas _xCoahuila. _91427 |
| 650 | 1 | 4 |
_aCoahuila _xEstadísticas. _923982 |
| 650 | 1 | 4 |
_aGanadería _xEstadísticas _xCoahuila. _944695 |
| 901 | _aBK | ||
| 942 | _cLIBRO | ||
| 942 | _n0 | ||
| 949 |
_a317.2 M4 Coah. _bBC _cINEGI _d33724000489837 _eINEGI _f1995 _h90236 _i10448 _mD _si |
||
| 949 |
_a317.2 M4 Coah. _bBC _cINEGI _d33724000592242 _eINEGI _f1997 _gI. c/e _h92790 _i10448 _sb |
||
| 949 |
_a317.2 M4 Coah. _bBC _cINEGI _d33724000593158 _eINEGI _f1996 c.2 _h92430 _i10448 _kDonaciØn _sb |
||
| 949 |
_a317.2 M4 Coah. _bBC _cINEGI _d33724000628871 _eINEGI _f1996 _h91394 _i10448 _si _t60.00 |
||
| 949 |
_a317.2 M4 Coah. _bBC _cINEGI _d33724000700423 _eINEGI _f1997 c.2 _h93878 _i10448 _sb |
||
| 949 |
_a317.2 M4 Coah. _bBC _cINEGI _d33724000711412 _eINEGI _f1998 c.2 _gI. c/e _h95172 _i10448 _sb _t95.00 |
||
| 949 |
_a317.2 M4 Coah. _bBC _cINEGI _d33724000712691 _eINEGI _f1998 _h94592 _i10448 _sb |
||
| 949 |
_a317.2 M4 Coah. _bBC _cINEGI _d33724000733408 _eINEGI _f1993 _h84985 _i10448 _sb |
||
| 949 |
_a317.2 M4 Coah. _bBC _cINEGI _d33724000733440 _eINEGI _f1993 c.2 _h84986 _i10448 _sb |
||
| 949 |
_a317.2 M4 Coah. _bBC _cINEGI _d33724000824967 _eINEGI _f1999 _gDonaciØn _h100161 _i10448 _sb |
||
| 949 |
_a317.2 M4 Coah. _bBC _cINEGI _d33724000826897 _eINEGI _f1994 _gI. c/e _h88769 _i10448 _sb _t40.00 |
||
| 949 |
_a317.2 M4 Coah. _bBC _cINEGI _d33724000843546 _eINEGI _f2000 _h100930 _i10448 _sb |
||
| 949 |
_a317.2 M4 Coah. _bBC _cINEGI _d33724000844478 _eINEGI _f1995 c.2 _h90236 _i10448 _mD _sb |
||
| 949 |
_a317.2 M4 Coah. _bBC _cINEGI _d33724000846556 _eINEGI _f1994 c.2 _gDonaciØn _h101285 _i10448 _sb |
||
| 949 |
_a317.2 M4 Coah. _bBC _cINEGI _d33724000849022 _eINEGI _f2001 _gDonaciØn _h102777 _i10448 _sb |
||
| 949 |
_a317.2 M4 Coah. _bBC _cINEGI _d33724000867792 _eINEGI _f2003 _gDonaciØn _h104184 _i10448 _sb |
||
| 949 |
_a317.2 M4 Coah. _bBC _cINEGI _d33724000873907 _eINEGI _f2002 _gDonaciØn _h103338 _i10448 _sb |
||
| 949 |
_a317.2 M4 Coah. _bBC _cINEGI _d33724000949608 _eINEGI _f2004 _gDonaciØn _h105605 _i10448 _sb |
||
| 949 |
_a317.2 M4 Coah. _bBC _cINEGI _d33724000981148 _eINEGI _f2005 _gDonaciØn _h107841 _i10448 _sb |
||
| 949 |
_a317.2 M4 Coah. _bBC _cINEGI _d33724000991873 _eINEGI _f2003 c.2 _gDonaciØn _h107753 _i10448 _sb |
||
| 949 |
_a317.2 M4 Coah. _bBC _cINEGI _d33724002004181 _eINEGI _f2006 _gDonaciØn _h108306 _i10448 _sb |
||
| 949 |
_a317.2 M4 Coah. _bBC _cINEGI _d33724002051983 _eINEGI _f2007 _gDonaciØn _h109671 _i10448 _sb |
||
| 949 |
_a317.2 M4 Coah. _bBC _cINEGI _d33724002052355 _eINEGI _f2009 _gDonaciØn _h111883 _i10448 _sb |
||
| 949 |
_a317.2 M4 Coah. _bBC _cINEGI _d33724002095777 _eINEGI _f2008 v.2 _gDonaciØn _h111826 _i10448 _sb |
||
| 949 |
_a317.2 M4 Coah. _bBC _cINEGI _d33724002095819 _eINEGI _f2008 v.1 _gDonaciØn _h111825 _i10448 _sb |
||
| 949 |
_a317.2 M4 Coah. _bBC _cINEGI _d33724002255736 _eINEGI _f2010 _gDonaciØn _h114530 _i10448 _sb |
||
| 949 |
_a317.2 M4 Coah. _bBC _cINEGI _d33724002321941 _eINEGI _f2011 _gDonaciØn _h116235 _i10448 _sb |
||
| 999 |
_c10238 _d10238 |
||